भारतीय मानसशास्त्र अथवा पातअ्जल योग -दर्शन (Record no. 124322)

MARC details
000 -LEADER
fixed length control field 00835nam a2200181Ia 4500
008 - FIXED-LENGTH DATA ELEMENTS--GENERAL INFORMATION
fixed length control field 090124s9999 xx 000 0 und d
082 ## - DEWEY DECIMAL CLASSIFICATION NUMBER
Item number 10225
Classification number 889
100 ## - MAIN ENTRY--PERSONAL NAME
Personal name कोल्हटकर कृष्णाजी के.
245 ## - TITLE STATEMENT
Title भारतीय मानसशास्त्र अथवा पातअ्जल योग -दर्शन
250 ## - EDITION STATEMENT
Edition statement 1
260 ## - PUBLICATION, DISTRIBUTION, ETC. (IMPRINT)
Date of publication, distribution, etc 1959
300 ## - PHYSICAL DESCRIPTION
Extent 691
600 ## - SUBJECT ADDED ENTRY--PERSONAL NAME
Personal name कोल्हटकर कृष्णाजी के.
630 ## - SUBJECT ADDED ENTRY--UNIFORM TITLE
Uniform title भारतीय मानसशास्त्र अथवा पातअ्जल योग -दर्शन
700 ## - ADDED ENTRY--PERSONAL NAME
Personal name कोल्हटकर कृष्णाजी के.
730 ## - ADDED ENTRY--UNIFORM TITLE
Uniform title भारतीय मानसशास्त्र अथवा पातअ्जल योग -दर्शन
942 ## - ADDED ENTRY ELEMENTS (KOHA)
Koha item type Book
Holdings
Withdrawn status Lost status Damaged status Not for loan Home library Current library Date acquired Cost, normal purchase price Total Checkouts Full call number Barcode Date last seen Cost, replacement price Price effective from Koha item type
        Marathi Granth Sangrahalaya,Thane Marathi Granth Sangrahalaya,Thane   30.00   10225 THNMGS-10225 01/24/2009 30.00 01/24/2009 Book